|
|
|
|
| LEADER |
01633nam a22003017a 4500 |
| 001 |
34883 |
| 003 |
BD-DhAAL |
| 005 |
20230202144354.0 |
| 008 |
190724r20181985bg ||||| |||| 00| p ben d |
| 020 |
|
|
|a 9789849054535
|
| 040 |
|
|
|a BD-DhAAL
|c BD-DhAAL
|
| 041 |
|
|
|a BEN
|
| 082 |
|
|
|a 891.441
|
| 100 |
|
|
|a হাফিজ, হেলাল
|9 33072
|
| 245 |
|
|
|a যে জলে আগুন জ্বলে /
|c হেলাল হাফিজ.
|
| 260 |
|
|
|a ঢাকা :
|b দিব্য প্রকাশ,
|c ১৯৮৫ [একএিংশ মুদ্রণ ২০১৮, সপ্তবিংশ মুদ্রণ ২০২২].
|
| 300 |
|
|
|a ৬৪ পৃষ্ঠা ;
|c ২২ সে.মি.
|
| 526 |
|
|
|a Residential Campus
|
| 541 |
|
|
|a Development Book Agency
|e 34883, 40788
|
| 600 |
|
|
|a হাফিজ, হেলাল,
|d ১৯৪৮
|9 33204
|
| 650 |
|
|
|a Bengali poetry.
|9 33073
|
| 650 |
|
|
|a Bengali literature.
|
| 852 |
|
|
|a Savar Campus Library
|c General Stacks
|
| 942 |
|
|
|2 ddc
|c BK
|
| 999 |
|
|
|c 40954
|d 40954
|
| 952 |
|
|
|0 0
|1 0
|2 ddc
|4 0
|6 891_441000000000000_HAF
|7 0
|9 65730
|a SCL
|b SCL
|c GEN
|d 2019-07-17
|e Development Book Agency
|g 105.00
|l 4
|m 2
|o 891.441 HAF
|p 3020034883
|r 2025-08-11
|s 2025-07-29
|t 1
|v 105.00
|w 2019-07-17
|y BK
|
| 952 |
|
|
|0 0
|1 0
|2 ddc
|4 0
|6 891_441000000000000_HAF
|7 0
|9 65856
|a BRACUL
|b BRACUL
|c GEN
|d 2019-07-24
|e Development Book Agency
|g 105.00
|l 2
|m 1
|o 891.441 HAF
|p 3010035005
|r 2025-08-25
|s 2025-04-26
|t 2
|v 105.00
|w 2019-07-24
|y BK
|
| 952 |
|
|
|0 0
|1 0
|2 ddc
|4 0
|6 891_441000000000000_HAF
|7 0
|9 72952
|a SCL
|b SCL
|c GEN
|d 2023-01-15
|e Development Book Agency
|g 140.00
|l 1
|o 891.441 HAF
|p 3020040788
|r 2026-04-21
|s 2023-04-12
|t 3
|v 140.00
|w 2023-01-15
|y BK
|